Trabajos presentados en la segunda consulta de expertos sobre tecnología de productos pesqueros en América Latina : Montevideo, 11-15 de diciembre de 1989 /
Guardado en:
| Autor Corporativo: | |
|---|---|
| Formato: | Libro |
| Idioma: | Spanish |
| Publicado: |
Roma :
FAO,
1992.
|
| Series: | FIIU/R441
|
| Materias: | |
| Etiquetas: |
Agregar Etiqueta
Sin Etiquetas, Sea el primero en etiquetar este registro!
|
| LEADER | 00939nam a22002055a 4500 | ||
|---|---|---|---|
| 001 | EIQ.libpla001253 | ||
| 008 | 060828s1992####it#a#####b####000#0#spa#d | ||
| 005 | 20070323150740.0 | ||
| 245 | 1 | 0 | |a Trabajos presentados en la segunda consulta de expertos sobre tecnología de productos pesqueros en América Latina : |b Montevideo, 11-15 de diciembre de 1989 / |c Organización de las Naciones Unidas para la Agricultura y la Alimentación (FAO). |
| 260 | |a Roma : |b FAO, |c 1992. | ||
| 300 | |a 368 p. : |b il. ; |c 28 cm. | ||
| 490 | 1 | |a FAO informe de pesca ; |v Nº 441 | |
| 504 | |a Incluye referencias bibliográficas. | ||
| 020 | |a 9253029064 | ||
| 710 | 2 | |a Organización de las Naciones Unidas para la Agricultura y la Alimentación (FAO). | |
| 830 | 0 | |a FIIU/R441 |k (Supl.) | |
| 650 | 4 | |a Productos pesqueros |x Tecnología. | |
| 650 | 4 | |a Productos pesqueros |z América Latina. | |
| 040 | |a AR-BbSID |b spa |c AR-BbSID | ||
| 859 | |a AR-BbSID |b BIB. PLAPIQUI |h 621.39 |i F 11 |p 4513 | ||
